Online
Catalog

Andrés Bello : (Record no. 18783)

MARC details
000 -CABECERA
campo de control de longitud fija 00763nam a2200205 a 4500
001 - NÚMERO DE CONTROL
campo de control 000019265
005 - FECHA Y HORA DE LA ÚLTIMA TRANSACCIÓN
campo de control 20260211085656.0
008 - DATOS DE LONGITUD FIJA--INFORMACIÓN GENERAL
campo de control de longitud fija 100531s1966 ve a 000 0 spa d
040 ## - FUENTE DE LA CATALOGACIÓN
Centro catalogador/agencia de origen DO-SdBNP
Lengua de catalogación spa
Centro/agencia transcriptor BNPHU
082 ## - NÚMERO DE LA CLASIFICACIÓN DECIMAL DEWEY
Número de clasificación 923.7983
Número de documento/Ítem P949a
049 ## - FONDOS LOCALES (OCLC)
Fondos de biblioteca BNGR
100 1# - ENTRADA PRINCIPAL--NOMBRE DE PERSONA
Nombre de persona Prieto F., Luis B.,
Fechas asociadas al nombre 1902-1993
Forma completa/desarrollada del nombre (Luis Beltrán Prieto Figueroa),
9 (RLIN) 83787
245 10 - MENCIÓN DE TÍTULO
Título Andrés Bello :
Resto del título educador /
Mención de responsabilidad, etc. Luis B. Prieto F.
260 ## - PUBLICACIÓN, DISTRIBUCIÓN, ETC.
Lugar de publicación, distribución, etc. Cacaracas :
Nombre del editor, distribuidor, etc. Ediciones de la Dirección de Imprenta y Públicaciones del Congreso Nacional.
300 ## - DESCRIPCIÓN FÍSICA
Extensión 221 p. :
Otras características físicas il. ;
Dimensiones 19 cm.
504 ## - NOTA DE BIBLIOGRAFÍA, ETC.
Nota de bibliografía, etc. Incluye referencias bibliográficas y notas al pie de las páginas.
600 ## - PUNTO DE ACCESO ADICIONAL DE MATERIA--NOMBRE DE PERSONA
Nombre de persona BELLO, ANDRÉS,
Fechas asociadas al nombre 1781-1865
Subdivisión general BIOGRAFÍA
9 (RLIN) 6767
650 #0 - PUNTO DE ACCESO ADICIONAL DE MATERIA--TÉRMINO DE MATERIA
Término de materia o nombre geográfico como elemento de entrada Personal docente
9 (RLIN) 16852
651 #4 - PUNTO DE ACCESO ADICIONAL DE MATERIA--NOMBRE GEOGRÁFICO
Nombre geográfico Chile
9 (RLIN) 41446
Holdings
Estado de retiro Estado de pérdida Restricciones de uso No para préstamo Código de colección Localización permanente Ubicación/localización actual Ubicación en estantería Fecha de adquisición Número de inventario Total de préstamos Signatura topográfica completa Código de barras Fecha visto por última vez Precio válido a partir de Tipo de ítem Koha
      Excluido de préstamo Monografías: Libros y Folletos General General Depósito 31.05.2010 LF1   923.7983 P949a 19265-10 25.06.2020 25.06.2020 No se presta

Powered by Koha